000 00639nam a2200229Ia 4500
003 OSt
005 20220923231001.0
006 a|||||r|||| 00| 0
007 ta
008 220922b |||||||| |||| 00| 0 pan d
024 _a343,991
037 _cTextual
040 _aARTS
_cARTS
_bpan
041 _2pan
_apan
082 _aO153,2N38x, M7
100 _aਸਿੰਧੂ, ਚਰਨ ਦਾਸ
_9156265
245 0 _aਚਾਰ ਡਰਾਮੇ
260 _c1987
650 _aਪੰਜਾਬੀ ਸਾਹਿਤ
942 _hO153,2N38x, M7
_cTEXL
_2CC
999 _c388610
_d388610